| 000 | 01729cam a22004694i 4500 | ||
|---|---|---|---|
| 003 | PE-LiUPU | ||
| 005 | 20250731173143.0 | ||
| 008 | 150623s r 000 0 d | ||
| 020 | _a0789901714 | ||
| 035 | _a(Sirsi) i9780789901712 | ||
| 040 |
_aPE-LiUPU _bspa _cPE-LiUPU _erda |
||
| 049 | _aPRUA | ||
| 082 | 0 | 4 |
_a297 _bM12 _221 |
| 100 | 1 |
_aMcCurry, Don, _eautor. |
|
| 245 | 1 | 0 |
_aEsperanza para los musulmanes / _cDon McCurry. |
| 264 | 1 |
_aMiami, Fl. : _bEditorial Unilit, _c1992. |
|
| 300 |
_a468 páginas ; _c21 centímetros |
||
| 336 |
_atext _2rdacontent |
||
| 337 |
_aunmediated _2rdamedia |
||
| 338 |
_avolume _2rdacarrier |
||
| 504 | _aIncluye bibliografía. | ||
| 505 | 0 | _aLa familia de Abraham. Mahoma y su fe. Variaciones en el islam. Actitudes relevantes en el trabajo con musulmanes. Cómo llegar a tipos específicos de musulmanes. Temas teológicos entre el islam y el cristianismo. Reconciliación en la familia de Abraham. | |
| 526 | _aSEG42 | ||
| 526 | _aSEG41 | ||
| 526 | _aSEG40 | ||
| 526 | _aSEG39 | ||
| 526 | _aP94 | ||
| 526 | _aP87 | ||
| 526 | _aP86 | ||
| 526 | _aP85 | ||
| 526 | _aP77 | ||
| 526 | _aP76 | ||
| 526 | _aP35 | ||
| 650 | 0 | 4 |
_aCristianismo y otras religiones _xMahometanos. |
| 650 | 0 | 4 | _aEvangelismo en países islámicos. |
| 942 |
_2ddc _cBOOK |
||
| 949 |
_a297 M12 _wDEWEY _c1 _i53083 _lCCODEBUL1 _mBUL _p12.00 _r0 _sY _tBOOK _u2015-6-24 _xTEOLOGIA _PP35 _0COMPRA _o.STAFF. Colección General |
||
| 994 |
_aC0 _bPEPRU |
||
| 596 | _a1 | ||
| 999 |
_a297 M12 _wDEWEY _c34885 _i53083 _f2021-11-11 _g5 _lCCODEBUL1 _mBUL _p12.00 _r0 _sY _tBOOK _u2015-6-24 _xTEOLOGIA _PP35 _0COMPRA _o.STAFF. Colección General _d34885 |
||
| 980 |
_81 _gALBERTO SANCHEZ Responsable de Automatización |
||